ROBBINS PATHOLOGIC BASIS OF DISEASE (Record no. 33045)

MARC details
000 -LEADER
fixed length control field 00336nam a22001457a 4500
003 - CONTROL NUMBER IDENTIFIER
control field SGT
020 ## - INTERNATIONAL STANDARD BOOK NUMBER
International Standard Book Number 978-81-312-7358-6
082 ## - DEWEY DECIMAL CLASSIFICATION NUMBER
Classification number 616.07
Item number AST
100 ## - MAIN ENTRY--PERSONAL NAME
Personal name ASTER, JON. C.
245 ## - TITLE STATEMENT
Title ROBBINS PATHOLOGIC BASIS OF DISEASE
260 ## - PUBLICATION, DISTRIBUTION, ETC. (IMPRINT)
Place of publication, distribution, etc INDIA
Name of publisher, distributor, etc ELSEVIER PUB.
Year of Publication 2026
300 ## - PAGE DESCRIPTION
No. of Pages 11TH
650 ## - SUBJECT ADDED ENTRY--TOPICAL TERM
Topical term or geographic name as entry element PATHOLOGY
942 ## - ADDED ENTRY ELEMENTS (KOHA)
Source of classification or shelving scheme Dewey Decimal Classification
Koha item type Books
Holdings
Withdrawn status Lost status Source of classification or shelving scheme Damaged status Not for loan Collection code Home library Current library Shelving location Date acquired Vendor Name Cost, normal purchase price Volume Information (Serial or Books or Non-Book Material) SGTU Bill Number Total Checkouts Full call number Accession No. (Barcode) Date last seen Bill Date Koha item type
    Dewey Decimal Classification   Not For Loan SCIENCE SGT Science & Social Sciences Library SGT Science & Social Sciences Library Text Book 30/10/2025 ABC 2750.00 1 SGTU 21721   616.07 AST DP1401 30/10/2025 17/09/2025 Books
    Dewey Decimal Classification   Not For Loan SCIENCE SGT Science & Social Sciences Library SGT Science & Social Sciences Library Text Book 30/10/2025 ABC 2750.00 1 SGTU 21721   616.07 AST DP1402 30/10/2025 17/09/2025 Books
    Dewey Decimal Classification   Not For Loan SCIENCE SGT Science & Social Sciences Library SGT Science & Social Sciences Library Text Book 30/10/2025 ABC 2750.00 1 SGTU 21721   616.07 AST DP1403 30/10/2025 17/09/2025 Books
    Dewey Decimal Classification   Not For Loan SCIENCE SGT Science & Social Sciences Library SGT Science & Social Sciences Library Text Book 30/10/2025 ABC 2750.00 2 SGTU 21721   616.07 AST DP1404 30/10/2025 17/09/2025 Books
    Dewey Decimal Classification   Not For Loan SCIENCE SGT Science & Social Sciences Library SGT Science & Social Sciences Library Text Book 30/10/2025 ABC 2750.00 2 SGTU 21721   616.07 AST DP1405 30/10/2025 17/09/2025 Books
    Dewey Decimal Classification   Not For Loan SCIENCE SGT Science & Social Sciences Library SGT Science & Social Sciences Library Text Book 30/10/2025 ABC 2750.00 2 SGTU 21721   616.07 AST DP1406 30/10/2025 17/09/2025 Books